000
00371nam a2200145Ia 4500
008
231129s2000||||xx |||||||||||||| ||spa||
020
_a
958-42-1437-3
040
_b
spa
082
_a
B869.3 C672ma
100
_a
Coelho Paulo
245
0
_a
Manual del guerrero de la luz
260
_c
2000
264
_a
Planeta
942
_2
ddc
_c
BKS
999
_c
20493
_d
20493